000 00657nam a2200277Ia 4500
005 20260324140442.0
008 008 260324s9999 xx 000 0 eng d
020 _a9780429333675
037 _aEBOOK
040 _aCRL
040 _beng
040 _cCRL
041 _2eng
041 _aeng
084 _qCRL
100 _aV.E. Meyerhold; Aleksandr Gladkov
_91204443
245 0 _aMeyerhold Speaks/Meyerhold Rehearse
260 _bTaylor and Francis
260 _c1998
365 _a
365 _b180
856 _uhttp://www.taylorfrancis.com/books/9780429333675
942 _cEBOOK
999 _c1806550
_d1806550